Hurrah for the process : (Record no. 5894)

000 -LEADER
fixed length control field 00624nam a2200193 a 4500
001 - CONTROL NUMBER
control field :::00003636$&:&@@
003 - CONTROL NUMBER IDENTIFIER
control field OkBaRHE
005 - DATE AND TIME OF LATEST TRANSACTION
control field 20000607103309.0
008 - FIXED-LENGTH DATA ELEMENTS--GENERAL INFORMATION
fixed length control field s1977 j 000 0 eng u
020 ## - INTERNATIONAL STANDARD BOOK NUMBER
International Standard Book Number 0849900298
040 ## - CATALOGING SOURCE
Transcribing agency
100 1# - MAIN ENTRY--PERSONAL NAME
Personal name MacDougall, Bruce.
245 10 - TITLE STATEMENT
Title Hurrah for the process :
Remainder of title studies in Philippians.
260 ## - PUBLICATION, DISTRIBUTION, ETC. (IMPRINT)
Place of publication, distribution, etc Waco, TX., :
Name of publisher, distributor, etc Word Books
Date of publication, distribution, etc c1977
300 ## - PHYSICAL DESCRIPTION
Extent 91 p. ;
Dimensions 21 cm.
650 ## - SUBJECT ADDED ENTRY--TOPICAL TERM
Topical term or geographic name as entry element Bible New Testament Philippians
General subdivision Criticism, Interpretation, etc.
942 ## - ADDED ENTRY ELEMENTS (KOHA)
Source of classification or shelving scheme
Koha item type Books
Copies
Source of classification or shelving scheme Shelving location Barcode Koha item type Permanent Location Price effective from Date acquired Damaged status Lost status Not for loan Withdrawn status Full call number Copy number Date last seen
 General Stacks3636BooksRHEMA Bible Training College2010-04-142010-04-14    BS 2705.2 .M2512018-04-03